Statistics for Countries by First 2 Letters with an Empty Map - Very Hard

Click here to take the quiz!

General Stats

  • This quiz has been taken 229 times
  • The average score is 154 of 196

Answer Stats

Hintcountry% Correct
cvCabo Verde
96%
khCambodia
96%
cmCameroon
96%
caCanada
96%
aeUnited Arab Emirates
93%
ukUnited Kingdom
93%
usUnited States
93%
mdMoldova
91%
mcMonaco
91%
mnMongolia
91%
meMontenegro
91%
maMorocco
91%
mzMozambique
91%
cdDemocratic Republic of the Congo
90%
irIran
90%
iqIraq
90%
ieIreland
90%
mgMadagascar
90%
mwMalawi
90%
myMalaysia
90%
mvMaldives
90%
mlMali
90%
mtMalta
90%
mhMarshall Islands
90%
mrMauritania
90%
muMauritius
90%
pkPakistan
90%
pwPalau
90%
paPanama
90%
pgPapua New Guinea
90%
pyParaguay
90%
plPoland
90%
ptPortugal
90%
cgCongo
89%
jmJamaica
89%
jpJapan
89%
kpNorth Korea
89%
mkNorth Macedonia
89%
noNorway
89%
wsSamoa
89%
smSan Marino
89%
stSão Tomé and Príncipe
89%
saSaudi Arabia
89%
knSt Kitts and Nevis
89%
lcSt Lucia
89%
vcSt Vincent and the Grenadines
89%
brBrazil
88%
bnBrunei
88%
tdChad
88%
clChile
88%
cnChina
88%
ciCôte d'Ivoire
88%
npNepal
88%
nlNetherlands
88%
nzNew Zealand
88%
sbSolomon Islands
88%
soSomalia
88%
zaSouth Africa
88%
krSouth Korea
88%
ssSouth Sudan
88%
byBelarus
87%
beBelgium
87%
bzBelize
87%
bjBenin
87%
coColombia
87%
kmComoros
87%
crCosta Rica
87%
ruRussia
86%
fjFiji
85%
fiFinland
85%
inIndia
85%
idIndonesia
85%
laLaos
85%
lvLatvia
85%
lrLiberia
85%
lyLibya
85%
liLiechtenstein
85%
ltLithuania
85%
mxMexico
85%
arArgentina
84%
amArmenia
84%
boBolivia
84%
baBosnia and Herzegovina
84%
bwBotswana
84%
geGeorgia
84%
deGermany
84%
tnTunisia
82%
trTurkey
82%
tmTurkmenistan
82%
tvTuvalu
82%
alAlbania
81%
dzAlgeria
81%
adAndorra
81%
aoAngola
81%
agAntigua and Barbuda
81%
auAustralia
81%
atAustria
81%
bsBahamas
81%
bhBahrain
81%
bdBangladesh
81%
bbBarbados
81%
grGreece
81%
gdGrenada
81%
gtGuatemala
81%
gnGuinea
81%
gwGuinea-Bissau
81%
gyGuyana
81%
niNicaragua
81%
neNiger
81%
ngNigeria
81%
sdSudan
81%
srSuriname
81%
seSweden
81%
chSwitzerland
81%
twTaiwan
81%
tjTajikistan
81%
tzTanzania
81%
frFrance
80%
bgBulgaria
77%
bfBurkina Faso
77%
biBurundi
77%
lbLebanon
77%
lsLesotho
77%
snSenegal
77%
rsSerbia
77%
scSeychelles
77%
vuVanuatu
77%
vaVatican City
77%
eeEstonia
76%
szEswatini
76%
isIceland
76%
kzKazakhstan
76%
hnHonduras
74%
luLuxembourg
74%
pePeru
74%
veVenezuela
74%
dkDenmark
73%
yeYemen
73%
itItaly
72%
naNamibia
72%
nrNauru
72%
omOman
72%
esSpain
71%
tgTogo
71%
toTonga
71%
uyUruguay
71%
htHaiti
69%
qaQatar
69%
roRomania
69%
vnVietnam
69%
cuCuba
68%
ecEcuador
68%
egEgypt
68%
slSierra Leone
68%
sgSingapore
68%
skSlovakia
68%
siSlovenia
68%
kvKosovo
67%
uaUkraine
67%
uzUzbekistan
67%
dmDominica
66%
drDominican Republic
66%
fmMicronesia
66%
erEritrea
65%
gaGabon
65%
gmGambia
65%
ilIsrael
65%
kwKuwait
64%
btBhutan
63%
kgKyrgyzstan
63%
hrCroatia
62%
huHungary
62%
afAfghanistan
61%
etEthiopia
61%
djDjibouti
60%
joJordan
60%
kiKiribati
60%
zmZambia
60%
czCzech Republic
59%
ghGhana
59%
keKenya
59%
tlTimor-Leste
58%
ttTrinidad and Tobago
58%
svEl Salvador
57%
thThailand
57%
zwZimbabwe
57%
cyCyprus
56%
phPhilippines
56%
azAzerbaijan
55%
rwRwanda
53%
cfCentral African Republic
52%
ugUganda
51%
sySyria
50%
lkSri Lanka
49%
mmMyanmar
47%
gqEquatorial Guinea
45%

Score Distribution

Percentile by Number Answered

Percent of People with Each Score

Your Score History

You have not taken this quiz